The Rolling Stone's 500 Greatest Songs of All Time - Statistics

General Stats
  • This quiz has been taken 333 times
  • The average score is 271 of 500
Answer Stats
Rank Title Year Artist % Correct
5. 'Smells Like Teen Spirit' 1991 Nirvana
99%
467. 'Come as You Are' 1991 Nirvana
99%
7. 'Strawberry Fields Forever' 1967 The Beatles
99%
15. 'I Want to Hold Your Hand' 1963 The Beatles
99%
24. 'A Day in the Life' 1967 The Beatles
99%
72. 'Yesterday' 1965 The Beatles
99%
89. 'Hey Jude' 1968 The Beatles
99%
98. 'In My Life' 1965 The Beatles
99%
110. 'Something' 1969 The Beatles
99%
121. 'Let It Be' 1970 The Beatles
99%
135. 'She Loves You' 1964 The Beatles
99%
243. 'Eleanor Rigby' 1966 The Beatles
99%
447. 'Help!' 1965 The Beatles
99%
44. 'Billie Jean' 1982 Michael Jackson
98%
185. 'Beat It' 1982 Michael Jackson
98%
355. 'Rock With You' 1979 Michael Jackson
98%
47. 'Tiny Dancer' 1972 Elton John
97%
149. 'Rocket Man' 1972 Elton John
97%
202. 'Your Song' 1970 Elton John
97%
371. 'Bennie and the Jets' 1973 Elton John
97%
17. 'Bohemian Rhapsody' 1975 Queen
97%
429. 'Under Pressure' 1981 Queen and David Bowie
97%
13. 'Gimme Shelter' 1969 The Rolling Stones
96%
31. '(I Can't Get No) Satisfaction' 1965 The Rolling Stones
96%
86. 'Tumbling Dice' 1972 The Rolling Stones
96%
106. 'Sympathy for the Devil' 1968 The Rolling Stones
96%
144. 'Jumpin' Jack Flash' 1968 The Rolling Stones
96%
193. 'Wild Horses' 1971 The Rolling Stones
96%
213. 'Paint It, Black' 1966 The Rolling Stones
96%
444. 'In Da Club' 2003 50 Cent
95%
19. 'Imagine' 1971 John Lennon
94%
85. 'Kiss' 1986 Prince
94%
340. '1999' 1982 Prince
94%
360. 'Little Red Corvette' 1982 Prince
94%
431. 'Adore' 1987 Prince
94%
18. 'Purple Rain' 1984 Prince and The Revolution
94%
37. 'When Doves Cry' 1984 Prince and The Revolution
94%
27. 'Born to Run' 1975 Bruce Springsteen
93%
111. 'Thunder Road' 1975 Bruce Springsteen
93%
289. 'Atlantic City' 1982 Bruce Springsteen
93%
298. 'Jungleland' 1975 Bruce Springsteen
93%
446. 'Rosalita (Come Out Tonight' 1973 Bruce Springsteen
93%
475. 'Rhythm Nation' 1989 Janet Jackson
93%
55. 'Like a Prayer' 1989 Madonna
93%
139. 'Vogue' 1990 Madonna
93%
161. 'Into the Groove' 1985 Madonna
93%
4. 'Like a Rolling Stone' 1965 Bob Dylan
92%
67. 'Tangled Up in Blue' 1975 Bob Dylan
92%
83. 'Desolation Row' 1965 Bob Dylan
92%
100. 'Blowin' in the Wind' 1963 Bob Dylan
92%
164. 'Mr. Tambourine Man' 1965 Bob Dylan
92%
187. 'Subterranean Homesick Blues' 1965 Bob Dylan
92%
317. 'Visions of Johanna' 1966 Bob Dylan
92%
70. 'Suspicious Minds' 1969 Elvis Presley
92%
216. 'Jailhouse Rock' 1957 Elvis Presley
92%
348. 'Heartbreak Hotel' 1958 Elvis Presley
92%
88. 'Sweet Child O' Mine' 1987 Guns N' Roses
92%
61. 'Stairway to Heaven' 1971 Led Zeppelin
92%
128. 'Whole Lotta Love' 1969 Led Zeppelin
92%
148. 'Kashmir' 1975 Led Zeppelin
92%
1. 'Respect' 1967 Aretha Franklin
91%
90. '(You Make Me Feel Like) A Natural Woman' 1967 Aretha Franklin
91%
117. 'I Say a Little Prayer' 1968 Aretha Franklin
91%
306. 'Chain of Fools' 1967 Aretha Franklin
91%
16. 'Crazy in Love' 2003 Beyoncé feat. Jay-Z
90%
23. 'Heroes' 1977 David Bowie
90%
105. 'Life on Mars?' 1971 David Bowie
90%
189. 'Space Oddity' 1969 David Bowie
90%
200. 'Changes' 1971 David Bowie
90%
204. 'Young Americans' 1975 David Bowie
90%
11. 'God Only Knows' 1966 The Beach Boys
90%
53. 'Good Vibrations' 1966 The Beach Boys
90%
297. 'Wouldn't It Be Nice' 1966 The Beach Boys
90%
62. 'One' 1992 U2
90%
211. 'With or Without You' 1987 U2
90%
322. 'I Still Haven't Found What I'm Looking For' 1987 U2
90%
6. 'What's Going On' 1971 Marvin Gaye
89%
119. 'I Heard It Through the Grapevine' 1968 Marvin Gaye
89%
198. 'Sexual Healing' 1982 Marvin Gaye
89%
264. 'Let's Get It On' 1973 Marvin Gaye
89%
112. 'Losing My Religion' 1991 R.E.M.
89%
160. 'Nightswimming' 1992 R.E.M.
89%
174. 'Radio Free Europe' 1983 R.E.M.
89%
82. 'Rolling in the Deep' 2011 Adele
88%
73. 'Formation' 2016 Beyoncé
88%
228. 'Single Ladies (Put a Ring On It)' 2008 Beyoncé
88%
428. 'Break My Soul' 2022 Beyoncé
88%
438. 'Savage (Remix)' 2020 Megan Thee Stallion feat. Beyoncé
88%
256. 'Master of Puppets' 1986 Metallica
88%
390. 'Enter Sandman' 1991 Metallica
88%
95. 'Wonderwall' 1995 Oasis
88%
48. 'Idioteque' 2000 Radiohead
88%
118. 'Creep' 1992 Radiohead
88%
279. 'Karma Police' 1997 Radiohead
88%
12. 'Superstition' 1972 Stevie Wonder
88%
113. 'Higher Ground' 1973 Stevie Wonder
88%
183. 'You Are the Sunshine of My Life' 1972 Stevie Wonder
88%
203. 'Signed, Sealed, Delivered I'm Yours' 1970 Stevie Wonder
88%
94. 'I Will Always Love You' 1992 Whitney Houston
88%
231. 'I Wanna Dance With Somebody (Who Loves Me)' 1987 Whitney Houston
88%
114. 'Toxic' 2003 Britney Spears
87%
205. '...Baby One More Time' 1998 Britney Spears
87%
496. 'You're So Vain' 1972 Carly Simon
87%
167. 'Lose Yourself' 2002 Eminem
87%
223. 'Stan' 2000 Eminem feat. Dido
87%
40. 'All Along the Watchtower' 1968 The Jimi Hendrix Experience
87%
188. 'Little Wing' 1967 The Jimi Hendrix Experience
87%
250. 'Purple Haze' 1967 The Jimi Hendrix Experience`
87%
99. 'Stayin' Alive' 1977 Bee Gees
86%
9. 'Dreams' 1977 Fleetwood Mac
86%
163. 'Landslide' 1975 Fleetwood Mac
86%
401. 'Go Your Own Way' 1977 Fleetwood Mac
86%
262. 'American Tune' 1973 Paul Simon
86%
333. 'Umbrella' 2007 Rihanna feat. Jay-Z
86%
286. 'Dancing Queen' 1976 ABBA
85%
287. 'You Shook Me All Night Long' 1980 AC/DC
85%
63. 'Jolene' 1974 Dolly Parton
85%
263. 'Coat of Many Colors' 1971 Dolly Parton
85%
311. 'Hotel California' 1976 Eagles
85%
76. 'I Walk the Line' 1956 Johnny Cash
85%
201. 'Ring of Fire' 1963 Johnny Cash
85%
42. 'Redemption Song' 1980 Bob Marley and The Wailers
84%
140. 'No Woman No Cry' 1975 Bob Marley and The Wailers
84%
363. 'Could You Be Loved' 1980 Bob Marley and The Wailers
84%
66. 'Bridge Over Troubled Water' 1970 Simon and Garfunkel
84%
182. 'The Sounds of Silence' 1964 Simon and Garfunkel
84%
305. 'Every Breath You Take' 1983 The Police
84%
84. 'Let's Stay Together' 1971 Al Green
83%
274. 'Love and Happiness' 1972 Al Green
83%
133. 'Don't Stop Believin'' 1981 Journey
83%
10. 'Hey Ya!' 2003 Outkast
83%
39. 'B.O.B.' 2000 Outkast
83%
145. 'Ms. Jackson' 2000 Outkast
83%
179. 'Comfortably Numb' 1979 Pink Floyd
83%
302. 'Wish You Were Here' 1975 Pink Floyd
83%
159. 'Baba O'Riley' 1971 The Who
83%
232. 'My Generation' 1965 The Who
83%
295. 'Won't Get Fooled Again' 1971 The Who
83%
79. 'Back to Black' 2006 Amy Winehouse
80%
96. '99 Problems' 2003 Jay-Z
80%
36. 'Seven Nation Army' 2003 The White Stripes
80%
91. 'Int'l Players Anthem (I Choose You)' 2007 UGK feat. Outkast
80%
125. 'Anarchy in the U.K.' 1977 Sex Pistols
79%
365. 'God Save the Queen' 1977 Sex Pistols
79%
143. 'London Calling' 1980 The Clash
79%
341. '(White Man) in Hammersmith Palais' 1978 The Clash
79%
221. 'River Deep, Mountain High' 1966 Ike and Tina Turner
78%
60. 'Running Up That Hill' 1985 Kate Bush
78%
171. 'What a Wonderful World' 1967 Louis Armstrong
78%
134. 'What's Love Got to Do With It' 1984 Tina Turner
78%
33. 'Johnny B. Goode' 1958 Chuck Berry
77%
102. 'Maybelline' 1955 Chuck Berry
77%
343. 'Promised Land' 1964 Chuck Berry
77%
152. 'Proud Mary' 1969 Creedence Clearwater Revival
77%
227. 'Fortunate Son' 1969 Creedence Clearwater Revival
77%
339. 'Paranoid' 1970 Black Sabbath
75%
345. 'Iron Man' 1971 Black Sabbath
75%
150. 'Basket Case' 1994 Green Day
75%
30. 'Royals' 2011 Lorde
75%
291. 'In the Air Tonight' 1981 Phil Collins
75%
14. 'Waterloo Sunset' 1967 The Kinks
75%
176. 'You Really Got Me' 1964 The Kinks
75%
386. 'Lola' 1970 The Kinks
75%
138. 'Heart of Glass' 1979 Blondie
74%
64. 'Blitzkrieg Bop' 1976 Ramones
74%
434. 'Sheena Is a Punk Rocker' 1977 Ramones
74%
69. 'All Too Well' 2012 Taylor Swift
74%
320. 'Blank Space' 2014 Taylor Swift
74%
400. 'Cruel Summer' 2019 Taylor Swift
74%
356. 'Don't Leave Me This Way' 1976 Thelma Houston
74%
310. 'Light My Fire' 1967 The Doors
73%
457. 'Livin' on a Prayer' 1986 Bon Jovi
72%
38. '(Sittin' On) the Dock of the Bay' 1967 Otis Redding
72%
136. 'Try a Little Tenderness' 1966 Otis Redding
72%
177. 'Jump' 1983 Van Halen
72%
65. 'September' 1978 Earth, Wind, and Fire
71%
251. 'I Will Survive' 1978 Gloria Gaynor
71%
378. 'Mr. Brightside' 2003 The Killers
71%
219. 'Free Fallin'' 1989 Tom Petty
71%
169. 'American Girl' 1976 Tom Petty and the Heartbreakers
71%
199. 'Dream On' 1973 Aerosmith
70%
178. 'Bad Guy' 2019 Billie Eilish
70%
34. 'Papa's Got a Brand New Bag' 1966 James Brown
70%
196. 'Get Up (I Feel Like Being A) Sex Machine' 1970 James Brown
70%
393. 'Say It Loud (I'm Black and I'm Proud' 1968 James Brown
70%
74. 'Hallelujah' 1984 Leonard Cohen
70%
284. 'Suzanne' 1967 Leonard Cohen
70%
329. 'Under the Bridge' 1991 Red Hot Chili Peppers
70%
321. 'California Love' 1995 2Pac
69%
392. 'Fix You' 2005 Coldplay
69%
93. 'Since U Been Gone' 2004 Kelly Clarkson
69%
162. 'Pink Moon' 1972 Nick Drake
69%
190. 'F*** tha Police' 1988 N.W.A.
68%
248. 'Straight Outta Compton' 1988 N.W.A.
68%
131. 'Stand by Me' 1961 Ben E. King
67%
373. 'Hotline Bling' 2015 Drake
67%
129. 'Hold On, We're Going Home' 2013 Drake feat. Majid Jordan
67%
29. 'Nuthin' but a 'G' Thang' 1992 Dr. Dre feat Snoop Doggy Dogg
67%
354. 'Sweet Dreams (Are Made of This)' 1983 Eurythmics
67%
35. 'Tutti-Frutti' 1955 Little Richard
67%
92. 'Good Golly, Miss Molly' 1958 Little Richard
67%
32. 'Juicy' 1994 The Notorious B.I.G.
67%
331. 'Big Poppa' 1994 The Notorious B.I.G.
67%
404. 'Rock and Roll All Nite' 1975 Kiss
66%
97. 'Gloria' 1975 Patti Smith
66%
358. 'Because the Night' 1978 Patti Smith
66%
80. 'What'd I Say' 1957 Ray Charles
66%
283. 'Georgia on My Mind' 1960 Ray Charles
66%
184. 'Nothing Compares 2 U' 1990 Sinéad O'Connor
66%
325. 'Scenes From an Italian Restaurant' 1977 Billy Joel
65%
212. 'More Than a Feeling' 1976 Boston
65%
319. 'Everybody Wants to Rule the World' 1985 Tears for Fears
65%
43. 'My Girl' 1965 The Temptations
65%
334. 'Papa Was a Rollin' Stone' 1972 The Temptations
65%
127. 'Waterfalls' 1995 TLC
65%
303. 'No Scrubs' 1999 TLC
65%
115. 'At Last' 1960 Etta James
64%
137. 'Thank U, Next' 2019 Ariana Grande
63%
124. 'That'll Be the Day' 1957 Buddy Holly
63%
370. 'Peggy Sue' 1958 Buddy Holly
63%
153. 'Super Freak' 1981 Rick James
63%
104. 'I Want You Back' 1969 The Jackson 5
63%
452. 'Africa' 1982 Toto
63%
71. 'Fast Car' 1988 Tracy Chapman
63%
346. 'It's Too Late' 1971 Carole King
62%
493. 'Stronger' 2007 Kanye West
62%
407. 'Free Bird' 1973 Lynyrd Skynyrd
62%
293. 'School's Out' 1972 Alice Cooper
61%
242. 'Great Balls of Fire' 1957 Jerry Lee Lewis
61%
482. 'Bad Romance' 2009 Lady Gaga
61%
180. 'Walk on the Wild Side' 1972 Lou Reed
61%
259. 'Heart of Gold' 1972 Neil Young
61%
323. 'After the Gold Rush' 1970 Neil Young
61%
450. 'Powderfinger' 1979 Neil Young
61%
141. 'Maggie May' 1971 Rod Stewart
61%
471. 'The House of the Rising Sun' 1964 The Animals
61%
22. 'Be My Baby' 1963 The Ronettes
61%
236. 'Lean on Me' 1972 Bill Withers
60%
309. 'Ain't No Sunshine 1971 Bill Withers
60%
338. 'Believe' 1998 Cher
60%
342. 'I'm a Believer' 1966 The Monkees
60%
398. 'Hungry Like the Wolf' 1982 Duran Duran
58%
168. 'Son of a Preacher Man' 1968 Dusty Springfield
58%
126. 'Freedom! '90' 1990 George Michael
58%
3. 'A Change Is Gonna Come' 1964 Sam Cooke
58%
240. 'I Want It That Way' 1999 Backstreet Boys
57%
49. 'Doo Wop (That Thing)' 1998 Lauryn Hill
57%
103. 'You Oughta Know' 1995 Alanis Morissette
56%
409. 'Everlong' 1997 Foo Fighters
56%
8. 'Get Ur Freak On' 2001 Missy Elliott
56%
56. 'Work It' 2000 Missy Elliott
56%
453. 'The Rain (Supa Dupa Fly)' 1997 Missy Elliott
56%
234. 'You Keep Me Hangin' On' 1966 The Supremes
56%
254. 'Stop! In the Name of Love' 1965 The Supremes
56%
417. 'Uptown Funk' 2015 Mark Ronson feat. Bruno Mars
55%
46. 'Paper Planes' 2008 M.I.A.
55%
146. 'Fire and Rain' 1970 James Taylor
54%
41. 'Love Will Tear Us Apart' 1980 Joy Division
54%
207. 'Killing in the Name' 1992 Rage Against the Machine
54%
368. 'Black Hole Sun' 1994 Soundgarden
54%
28. 'Once in a Lifetime' 1980 Talking Heads
54%
123. 'This Must Be the Place (Naive Melody)' 1983 Talking Heads
54%
300. 'Rock Lobster' 1978 The B-52's
54%
420. 'California Dreamin" 1965 The Mamas and The Papas
54%
217. 'Edge of Seventeen' 1981 Stevie Nicks
53%
290. 'Yeah!' 2004 Usher feat. Lil Jon & Ludacris
53%
245. 'Sabotage' 1994 Beastie Boys
52%
465. 'Get Lucky' 2013 Daft Punk feat. Pharrell Williams and Nile Rodgers
52%
58. 'The Weight' 1968 The Band
52%
181. 'Eight Miles High' 1966 The Byrds
52%
230. 'Mr. Tambourine Man' 1965 The Byrds
52%
108. 'Just Like Heaven' 1987 The Cure
52%
226. 'There Is a Light That Never Goes Out' 1986 The Smiths
52%
421. 'How Soon Is Now?' 1984 The Smiths
52%
424. 'No Diggity' 1996 Blackstreet feat. Dr. Dre and Queen Pen
51%
436. 'Call Me Maybe' 2012 Carly Rae Jepsen
51%
326. 'Lust for Life' 1977 Iggy Pop
51%
57. 'Family Affair' 1971 Sly and the Family Stone
51%
109. 'Everyday People' 1968 Sly and the Family Stone
51%
2. 'Fight the Power' 1989 Public Enemy
50%
397. 'Bring the Noise' 1987 Public Enemy
50%
449. '(Don't Fear) The Reaper' 1976 Blue Öyster Cult
49%
490. 'Old Town Road' 2019 Lil Nas X
49%
313. 'The Tears of a Clown' 1967 Smokey Robinson and The Miracles
49%
277. 'Bo Diddley' 1955 Bo Diddley
48%
68. 'Good Times' 1979 Chic
48%
385. 'I'm Coming Out' 1980 Diana Ross
48%
52. 'I Feel Love' 1977 Donna Summer
48%
359. 'Killing Me Softly With His Song' 1996 Fugees
48%
54. 'The Tracks of My Tears' 1965 Smokey Robinson and The Miracles
48%
272. 'The Boys Are Back in Town' 1976 Thin Lizzy
48%
285. 'Say My Name' 1999 Destiny's Child
47%
269. 'Unchained Melody' 1965 The Righteous Brothers
47%
81. 'I'm Waiting for the Man' 1967 The Velvet Underground
47%
294. 'Sweet Jane' 1970 The Velvet Underground
47%
224. 'Layla' 1970 Derek and the Dominos
46%
336. 'Move Your Body (The House Music Anthem)' 1986 Marshall Jefferson
46%
307. 'Crazy' 2006 Gnarls Barkley
45%
249. 'Bad Reputation' 1980 Joan Jett
45%
458. 'Loser' 1993 Beck
44%
495. 'Time After Time' 1983 Cyndi Lauper
44%
433. 'West End Girls' 1984 Pet Shop Boys
44%
462. 'Into the Mystic' 1970 Van Morrison
44%
415. 'Enjoy the Silence' 1990 Depeche Mode
43%
147. 'Blueberry Hill' 1956 Fats Domino
43%
165. 'I'm So Lonesome I Could Cry' 1949 Hank Williams
43%
237. 'Your Cheatin' Heart' 1953 Hank Williams
43%
26. 'A Case of You' 1971 Joni Mitchell
43%
225. 'Both Sides Now' 1969 Joni Mitchell
43%
247. 'River' 1971 Joni Mitchell
43%
464. 'Help Me' 1974 Joni Mitchell
43%
484. 'Buddy Holly' 1994 Weezer
43%
455. 'White Rabbit' 1967 Jefferson Airplane
42%
377. 'Driver's License' 2021 Olivia Rodrigo
42%
271. 'A Whiter Shade of Pale' 1967 Procol Harum
42%
273. 'Killing Me Softly With His Song' 1973 Roberta Flack
42%
45. 'Alright' 2015 Kendrick Lamar
41%
220. 'Bizarre Love Triangle' 1986 New Order
40%
235. 'Blue Monday' 1983 New Order
40%
195. 'Crazy' 1961 Patsy Cline
40%
75. 'Common People' 1996 Pulp
40%
314. 'I Wanna Be Your Dog' 1969 The Stooges
40%
155. 'Last Nite' 2001 The Strokes
40%
500. 'As It Was' 2022 Harry Styles
39%
437. 'Passionate Kisses' 1988 Lucinda Williams
39%
426. 'Super Bass' 2010 Nicki Minaj
39%
416. 'Alive' 1991 Pearl Jam
39%
472. 'Solsbury Hill' 1977 Peter Gabriel
39%
21. 'Strange Fruit' 1939 Billie Holiday
38%
51. 'Walk on By' 1964 Dionne Warwick
38%
396. 'Alison' 1977 Elvis Costello
38%
78. 'Reach Out (I'll Be There)' 1967 The Four Tops
38%
483. 'I Can't Help Myself (Sugar Pie, Honey Bunch)' 1965 The Four Tops
38%
413. 'Gloria' 1965 Them
38%
107. 'C.R.E.A.M.' 1994 Wu-Tang Clan
38%
384. 'I Like It' 2018 Cardi B, J Balvin, and Bad Bunny
37%
209. 'Boys of Summer' 1984 Don Henley
37%
494. 'Where Is My Mind?' 1988 The Pixies
37%
282. 'Never Tear Us Apart' 1988 INXS
36%
419. 'Fantasy' 1995 Mariah Carey
35%
442. 'Ace of Spades' 1980 Motörhead
35%
20. 'Dancing on My Own' 2010 Robyn
35%
479. 'Oye Como Va' 1970 Santana
35%
408. 'Father and Son' 1970 Cat Stevens
34%
353. 'It Was a Good Day' 1992 Ice Cube
34%
166. 'All the Young Dudes' 1972 Mott the Hoople
34%
270. 'Closer' 1994 Nine Inch Nails
34%
389. 'Brass in Pocket' 1979 Pretenders
34%
369. 'Just What I Needed' 1978 The Cars
34%
50. 'Gasolina' 2010 Daddy Yankee
33%
130. 'Dancing in the Street' 1964 Martha and the Vandellas
33%
350. 'Time of the Season' 1968 The Zombies
33%
172. 'Mississippi Goddam' 1964 Nina Simone
32%
427. 'Rapper's Delight' 1979 Sugar Hill Gang
32%
301. 'Night Moves' 1976 Bob Seger
31%
486. 'A Milli' 2009 Lil Wayne
31%
406. 'Sucker MC's' 1984 Run-DMC
31%
357. 'Surrender' 1978 Cheap Trick
30%
443. 'Sugar, We're Goin Down' 2005 Fall Out Boy
30%
206. 'Wichita Lineman' 1968 Glen Campbell
30%
59. 'The Message' 1982 Grandmaster Flash and The Furious Five
30%
267. 'Kill Bill' 2022 SZA
30%
344. 'What a Fool Believes' 1979 The Doobie Brothers
30%
440. 'If I Ain't Got You' 2003 Alicia Keys
29%
432. 'Summertime Blues' 1958 Eddie Cochran
29%
324. 'All I Have to Do Is Dream' 1958 Everly Brothers
29%
498. 'Truth Hurts' 2017 Lizzo
29%
255. 'Coal Miner's Daughter' 1970 Loretta Lynn
29%
215. 'Shook Ones, Pt. II' 1995 Mobb Deep
29%
461. 'Crying' 1962 Roy Orbison
29%
156. 'Louie Louie' 1963 The Kingsmen
29%
383. 'Redbone' 2016 Childish Gambino
28%
268. 'Shout (Parts 1 and 2)' 1959 The Isley Brothers
28%
253. 'Blue Eyes Crying in the Rain' 1975 Willie Nelson
28%
229. 'This Land Is Your Land' 1951 Woody Guthrie
28%
142. 'He Stopped Loving Her Today' 1980 George Jones
27%
470. 'Midnight Train to Georgia' 1973 Gladys Knight and The Pips
27%
478. 'Back That Azz Up' 1998 Juvenile feat. Lil Wayne and Mannie Fresh
27%
330. 'Safaera' 2020 Bad Bunny
26%
491. 'Titi Me Pregunto' 2022 Bad Bunny
26%
418. 'Green Onions' 1962 Booker T. and The MGs
26%
280. 'Spring Day' 2017 BTS
26%
347. 'Dynamite' 2020 BTS
26%
222. 'Suite: Judy Blue Eyes' 1969 Crosby, Stills, and Nash
26%
261. 'Pusherman' 1972 Curtis Mayfield
25%
474. 'Move On Up' 1970 Curtis Mayfield
25%
394. 'Grace' 1994 Jeff Buckley
25%
292. 'Can I Kick It?' 1990 A Tribe Called Quest
24%
328. 'Real Love' 1992 Mary J. Blige
24%
101. 'Maps' 2003 Yeah Yeah Yeahs
24%
492. 'So What' 1959 Miles Davis
23%
276. 'Ever Fallen in Love (With Someone You Shouldn't've)' 1978 Buzzcocks
22%
367. 'Thinkin' Bout You' 2012 Frank Ocean
22%
435. 'Limelight' 1981 Rush
22%
214. 'Deacon Blues' 1977 Steely Dan
22%
151. 'Will You Love Me Tomorrow' 1960 The Shirelles
22%
25. 'Runaway' 2010 Kanye West feat. Pusha T
21%
173. 'Marquee Moon' 1977 Television
21%
488. 'House of Balloons/Glass Table Girls' 2011 The Weeknd
21%
382. 'Paper Bag' 1999 Fiona Apple
20%
423. 'Criminal' 1996 Fiona Apple
20%
208. 'Doll Parts' 1994 Hole
20%
451. 'Bad and Boujee' 2016 Migos feat. Lil Uzi Vert
20%
375. 'Up on the Roof' 1964 The Drifters
20%
337. 'She's Gone' 1973 Hall and Oates
19%
468. 'Fade Into You' 1993 Mazzy Star
19%
425. 'Mannish Boy' 1955 Muddy Waters
19%
481. 'Cross Road Blues' 1937 Robert Johnson
19%
349. 'Virginia Plain' 1972 Roxy Music
19%
157. 'Teenage Riot' 1988 Sonic Youth
19%
477. 'Our Lips Are Sealed' 1981 The Go-Gos
19%
260. 'Get Up, Stand Up' 1973 The Wailers
19%
218. 'In the Midnight Hour' 1965 Wilson Pickett
19%
246. 'Ooh La La' 1973 Faces
18%
361. 'The Harder They Come' 1972 Jimmy Cliff
17%
456. 'A&W' 2023 Lana Del Rey
17%
252. 'Flash Light' 1977 Parliament
17%
473. 'Stand by Your Man' 1968 Tammy Wynette
17%
335. 'Ripple' 1970 The Grateful Dead
17%
364. 'Box of Rain' 1970 The Grateful Dead
17%
372. 'I Can't Make You Love Me' 1991 Bonnie Raitt
16%
132. 'Paid in Full' 1987 Eric B. and Rakim
16%
258. 'The Revolution Will Not Be Televised' 1971 Gil-Scott Heron
16%
403. 'Ain't Nobody' 1983 Rufus and Chaka Khan
16%
122. 'People Get Ready' 1965 The Impressions
16%
316. 'Leader of the Pack' 1964 The Shangri-Las
16%
210. 'One Nation Under a Groove' 1978 Funkadelic
15%
376. 'Mama Tried' 1968 Merle Haggard
15%
459. 'No Ordinary Love' 1992 Sade
15%
422. 'Flava in Ya Ear (Remix)' 1994 Craig Mack feat. The Notorious B.I.G., LL Cool J, Busta Rhymes, and Rampage
14%
304. 'Trans-Europe Express' 1977 Kraftwerk
14%
387. 'Personality Crisis' 1973 New York Dolls
14%
299. 'I Put a Spell on You' 1956 Screamin' Jay Hawkins
14%
379. 'Untitled (How Does It Feel)' 2000 D'Angelo
13%
388. 'Party Up (Up in Here)' 1999 DMX
13%
87. 'All My Friends' 2007 LCD Soundsystem
13%
480. 'Just a Friend' 1989 Biz Markie
12%
497. 'Without You' 1971 Harry Nilsson
12%
308. 'Divorce Song' 1993 Liz Phair
12%
412. 'Buffalo Stance' 1988 Neneh Cherry
12%
445. 'Cosmic Dancer' 1971 T. Rex
12%
410. 'Whipping Post' 1969 Allman Brothers Band
11%
233. 'Groove Is in the Heart' 1990 Deee-Lite
11%
469. 'Goodbye Earl' 2000 Dixie Chicks
11%
154. 'Spoonful' 1960 Howlin' Wolf
11%
466. 'Never Too Much' 1981 Luther Vandross
11%
275. 'Sail Away' 1972 Randy Newman
11%
332. 'Please Mr. Postman' 1961 The Marvelettes
11%
186. 'I'll Take You There' 1972 The Staple Singers
11%
318. 'Hound Dog' 1953 Big Mama Thornton
10%
191. 'Ode to Billie Joe' 1967 Bobbie Gentry
10%
391. 'Springsteen' 2011 Eric Church
10%
194. 'Rid of Me' 1993 PJ Harvey
10%
405. 'Amor Prohibido' 1994 Selena
10%
366. 'Da Doo Ron Ron' 1963 The Crystals
10%
170. 'In the Still of the Night' 1956 The Five Satins
10%
175. 'I Only Have Eyes for You' 1959 The Flamingos
10%
411. 'Heavy Metal Drummer' 2002 Wilco
10%
351. 'Angel From Montgomery' 1971 John Prine
9%
399. 'You Make Me Feel (Mighty Real)' 1978 Sylvester
9%
489. 'Cannonball' 1993 The Breeders
9%
439. 'La Vida Es un Carnival' 1998 Celia Cruz
8%
463. 'Boom Boom' 1962 John Lee Hooker
8%
441. 'The House That Built Me' 2010 Miranda Lambert
8%
244. 'Summer Babe (Winter Version)' 1992 Pavement
8%
77. 'Roadrunner' 1976 The Modern Lovers
8%
120. 'Oh Bondage! Up Yours!' 1977 X-Ray Spex
8%
238. 'Are You That Somebody?' 1998 Aaliyah
7%
485. '212' 2011 Azealia Banks
7%
312. 'Walk on By' 1969 Isaac Hayes
7%
315. 'Pt. 1-Acknowledgement' 1965 John Coltrane
7%
476. 'Sunday Mornin' Comin' Down' 1970 Kris Kristofferson
7%
116. 'It Takes Two' 1988 Rob Base and DJ E-Z Rock
7%
487. 'Cranes in the Sky' 2016 Solange
7%
395. 'Planet Rock' 1982 Afrika Bambaataa and The Soulsonic Force
6%
239. 'September Gurls' 1974 Big Star
6%
296. 'Rebel Girl' 1993 Bikini Kill
6%
281. 'Grindin'' 2002 Clipse
6%
241. 'The Humpty Dance' 1990 Digital Underground
6%
192. 'Mind Playing Tricks on Me' 1991 Geto Boys
6%
257. 'Heat Wave' 1963 Martha Reeves and the Vandellas
6%
158. 'Cissy Strut' 1969 The Meters
6%
197. 'I Can't Stand the Rain' 1973 Ann Peebles
4%
448. 'Tyrone' 1997 Erykah Badu
4%
362. 'Merry Go Round' 2013 Kacey Musgraves
4%
327. 'Portions for Foxes' 2004 Rilo Kiley
4%
265. 'Left of the Dial' 1985 The Replacements
4%
278. 'Pressure Drop' 1973 Toots and The Maytals
4%
499. 'Pancho and Lefty' 1972 Townes Van Zandt
4%
380. 'Radiation Vibe' 1996 Fountains of Wayne
3%
454. 'Bam Bam' 1982 Sister Nancy
3%
381. 'Typical Girls' 1979 The Slits
3%
266. 'King Tubby Meets the Rockers Uptown' 1974 Augustus Pablo
2%
402. 'Ella Baila Sola' 2023 Eslabon Armado and Peso Pluma
2%
430. 'They Reminisce Over You' 1992 Pete Rock and CL Smooth
2%
352. 'Ponta de Lanca Africano (Umbabarauma)' 1976 Jorge Ben
1%
414. 'Essence' 2021 Wizkid feat. Tems
1%
460. 'Ku Klux Klan' 1978 Steel Pulse
0%
288. 'That's the Joint' 1980 The Funky 4+1
0%
374. 'Be Thankful for What You Got' 1974 William DeVaughn
0%
No matching quizzes found
Score Distribution
Percent of People with Each Score
Percentile by Number Answered
Your Score History
You have not taken this quiz